000
00267nam a22001217a 4500
008
180115b xxu||||| |||| 00| 0 eng d
041
_a
eng
080
_a
54
100
_a
7
101
_a
KIM
245
_a
TOBACCO AND TOBACCO SMOKE
_c
ERNEST.L.W
942
_2
udc
_c
BK
999
_c
40290
_d
40290